000 00397nam a22001457a 4500
005 20200613142817.0
008 200613b xxu||||| |||| 00| 0 eng d
082 _a345.4 AIR
110 _aALL INDIA REPORTER
_96086
245 _aALL INDIA REPORTER [1983] [VOL-70] ALLAHABAD SECTION
260 _aMUMBAI
_bALL INDIA REPORTER,PVT. LTD.
300 _a448;p
650 _aLAW
_95701
942 _cJRL
999 _c7144
_d7142